| 000 | 01996nam a2200361 a 4500 | ||
|---|---|---|---|
| 001 | 000002328 | ||
| 003 | DO-SdBNP | ||
| 005 | 20260417134445.0 | ||
| 007 | ta | ||
| 008 | 090701e1995 dr bd gr 001 0 spa d | ||
| 020 | _a8460092518 | ||
| 040 |
_aDO-SdBNP _bspa _cBNPHU |
||
| 082 | 4 |
_a610.69 _bD441r _222 |
|
| 245 | 0 | 0 |
_aDesarrollo de recursos humanos en salud : _bla experiencia dominicana / _cCompilado por Rosa María Borrell y Wilfredo Lozano; Edición, Wilfredo Lozano. |
| 260 |
_aSanto Domingo : _bFLACSO, _c1995 |
||
| 300 |
_a215 p. : _bil., mapas, gráficos ; _c28 cm. |
||
| 500 | _aPublicación conjunta de: Organización Panamericana de la Salud (OPS), Organización Mundial de la Salud (OMS), Programa de Adiestramiento en Salud de Centroamérica y Panamá (PASCAP) | ||
| 504 | _aBibliografía: p. 201 | ||
| 505 |
_aPresentación. _gPrólogo. _gIntroducción _gPrimera Parte. _tPolíticas de Salud y Recursos Humanos.-- _gSegunda Parte. _tLa Universidad y la salud de la población.-- _gTercera Parte. _tSituación de la oferta y la demanda de fuerza de trabajo en salud.-- _gCuarta Parte. _tSaneamiento ambiental y recursos humanos en salud.-- _gQuinta Parte. _tComunidiad y recursos humanos en salud.-- _gSexta Parte. _tVigilancia epidemiológica y recursos humanos en salud.-- _tÍndice de cuadros y gráficos. |
||
| 590 | _aInventariado,2018/DG | ||
| 650 | 4 |
_aPersonal de salud Pública _zRepública Dominicana _97401 |
|
| 650 | 0 |
_aCapacitación de empleados _zRepública Dominicana _97402 |
|
| 650 | 4 |
_aSalud _zRepública Dominicana _97403 |
|
| 650 | 4 |
_aAdiestramiento ocupacional _97404 |
|
| 700 | 1 | 2 |
_aBorrel, Rosa María, _ecomp. _97405 |
| 700 | 1 | 2 |
_aLozado, Wilfredo, _eed. _97406 |
| 710 | 1 | 2 |
_aFacultad Latinoamericana de Ciencias Sociales. _9294 |
| 710 | 1 | 2 |
_aOrganización Panamericana de la Salud. _91055 |
| 710 | 1 | 2 |
_aOrganización Mundial de la Salud _91056 |
| 710 | 1 | 2 |
_aPrograma de Adiestramiento en Salud de Centroamérica y Panamá _97407 |
| 910 | _aDG | ||
| 942 |
_2ddc _cLBS1 |
||
| 999 |
_c2173 _d2173 |
||